=LDR 00000nam 2200000 4500 =001 INLIS000000000048890 =005 20170112100521.0 =006 =007 =008 =020 ##$$a 978-602-7893-36-8 =035 ##$$0010-011700000000171 =040 ##$$a NBPDMAT =082 ##$$a 372 .65 =090 ##$$a 372 .65 $B KAM K =245 ##$$a Kamus bergambar : inggris-indonesia / $c Editor, Marcel roi =260 ##$$a Tanggerang : $b Happy holy kids, $c 2013 =300 ##$$a 152 hlm. : $b ilus, ; $c 29 cm =650 ##$$a Kamus inggris-indonesia ( pendidikan dasar ) =700 ##$$a Marcel roi